Microbiology : Medical Microbiology - II (Record no. 40150)

MARC details
000 -LEADER
fixed length control field 00483nam a2200181Ia 4500
008 - FIXED-LENGTH DATA ELEMENTS--GENERAL INFORMATION
fixed length control field 220531s9999 xx 000 0 und d
041 ## - LANGUAGE CODE
Language code of text/sound track or separate title eng
082 ## - DEWEY DECIMAL CLASSIFICATION NUMBER
Classification number -
Item number MIC / DEV
100 ## - MAIN ENTRY--PERSONAL NAME
Personal name Devasthale, G. S. & Others
9 (RLIN) 71836
245 ## - TITLE STATEMENT
Title Microbiology : Medical Microbiology - II
250 ## - EDITION STATEMENT
Edition statement 1 st
260 ## - PUBLICATION, DISTRIBUTION, ETC. (IMPRINT)
Place of publication, distribution, etc. Pune
Name of publisher, distributor, etc. Nirali
Date of publication, distribution, etc. 2022
300 ## - PHYSICAL DESCRIPTION
Extent P.1
542 ## - INFORMATION RELATING TO COPYRIGHT STATUS
Copyright holder 06-05-2022
650 ## - SUBJECT ADDED ENTRY--TOPICAL TERM
Topical term or geographic name as entry element Microbiology
9 (RLIN) 71837
906 ## - LOCAL DATA ELEMENT F, LDF (RLIN)
c T.Y.B.Sc.
d 2022-2023
f 20658
Holdings
Withdrawn status Lost status Source of classification or shelving scheme Damaged status Not for loan Collection code Home library Current library Date acquired Vendor Cost, normal purchase price Total Checkouts Total Holds Full call number Barcode Date last seen Date last checked out Cost, replacement price Bill Date Koha item type Original Barcode
    Dewey Decimal Classification       Shri Siddhivinayak Mahila Mahavidyalaya Shri Siddhivinayak Mahila Mahavidyalaya 12/05/2022 Nirali 125.00 3 5 -/MIC/DEV/B/31210 SSMM-BK-31210 08/04/2025 07/04/2025 125.00 06/08/2022 Books 010031210